Equipos de trabajo y trabajo en equipo: la organización como una red de relaciones y conversaciones.
Guardat en:
| Autor principal: | |
|---|---|
| Format: | Llibre |
| Idioma: | espanyol |
| Publicat: |
Valparaíso, Chile
Universitarias de Valparaíso
2005
|
| Edició: | Primera edición |
| Col·lecció: | Dirección de Empresas y Economía
|
| Matèries: | |
| Etiquetes: |
Afegir etiqueta
Sense etiquetes, Sigues el primer a etiquetar aquest registre!
|
MARC
| LEADER | 00000nam a2200000 a 4500 | ||
|---|---|---|---|
| 001 | UCK3027 | ||
| 003 | CL-VaPUC | ||
| 005 | 20230905074221.0 | ||
| 008 | 050408e20050000CL |||||||||||||||||spa|d | ||
| 999 | |c 312374 |d 312372 | ||
| 020 | |a 9561703637 | ||
| 040 | |c Pontificia Universidad Católica de Valparaíso | ||
| 082 | 0 | 4 | |a 658.3145 AHU 2005 |2 21 |
| 100 | 0 | |a Ahumada Figueroa, Luis Andrés |e autor |9 491059 | |
| 245 | 1 | 0 | |a Equipos de trabajo y trabajo en equipo: la organización como una red de relaciones y conversaciones. |
| 250 | |a Primera edición | ||
| 260 | 0 | 3 | |a Valparaíso, Chile |b Universitarias de Valparaíso |c 2005 |
| 300 | |a 143 páginas | ||
| 490 | 0 | |a Dirección de Empresas y Economía | |
| 583 | |a last modification |c 20160311 23:29:23 |k Rodrigo Vera | ||
| 650 | 7 | |a EQUIPOS DE TRABAJO |2 CL-VaPUC |9 384715 | |
| 650 | 0 | |a Recursos humanos |9 228420 | |
| 650 | 0 | |a Administración de empresas |9 260833 | |
| 650 | 0 | |a Relaciones interpersonales |9 307056 | |
| 650 | 0 | |a Planificación estratégica |9 259735 | |
| 650 | 7 | |a TRABAJO EN EQUIPO |2 CL-VaPUC |9 393025 | |
| 650 | 0 | |a Productividad |9 335972 | |
| 650 | 0 | |a Archivo histórico PUCV |9 255554 | |
| 650 | 0 | |a Académicos |x Pontificia Universidad Católica de Valparaíso (PUCV) |9 255553 | |
| 942 | |c BK |2 ddc | ||
| 945 | |d 20050408 00:00:00 |a cmena | ||
| 952 | |0 0 |1 0 |2 ddc |4 0 |6 658_314500000000000_AHU_2005 |7 0 |8 A |9 382591 |a BIBENE |b BIBENE |d 2019-11-21 |i 4110218 |o 658.3145 AHU 2005 |p 4110218 |r 2025-01-15 |t 34 |w 2019-11-21 |y BK |k ICO | ||
| 952 | |0 0 |1 0 |2 ddc |4 0 |6 658_314500000000000_AHU_2005 |7 0 |8 A |9 382592 |a BIBENE |b BIBENE |d 2019-11-21 |i 4110226 |o 658.3145 AHU 2005 |p 4110226 |r 2025-01-15 |t 35 |w 2019-11-21 |y BK |k ICO | ||
| 952 | |0 0 |1 0 |2 ddc |4 0 |6 658_314500000000000_AHU_2005 |7 0 |8 A |9 382593 |a BIBENE |b BIBENE |d 2019-11-21 |i 4110234 |o 658.3145 AHU 2005 |p 4110234 |r 2025-01-15 |t 36 |w 2019-11-21 |y BK |k ICO | ||
| 952 | |0 0 |1 0 |2 ddc |4 0 |6 658_314500000000000_AHU_2005 |7 0 |8 A |9 382594 |a BIBENE |b BIBENE |d 2019-11-21 |i 4110242 |o 658.3145 AHU 2005 |p 4110242 |r 2025-01-15 |t 37 |w 2019-11-21 |y BK |k ICO | ||
| 952 | |0 0 |1 0 |2 ddc |4 0 |6 658_314500000000000_AHU_2005 |7 0 |8 A |9 382595 |a BIBENE |b BIBENE |d 2019-11-21 |i 4110250 |o 658.3145 AHU 2005 |p 4110250 |r 2025-01-15 |t 38 |w 2019-11-21 |y BK |k ICO | ||
| 952 | |0 0 |1 0 |2 ddc |4 0 |6 658_314500000000000_AHU_2005 |7 0 |8 A |9 382596 |a BIBENE |b BIBENE |d 2019-11-21 |i 4110269 |o 658.3145 AHU 2005 |p 4110269 |r 2025-01-15 |t 39 |w 2019-11-21 |y BK |k ICO | ||
| 952 | |0 0 |1 0 |2 ddc |4 0 |6 658_314500000000000_AHU_2005 |7 0 |8 A |9 382597 |a BIBENE |b BIBENE |d 2019-11-21 |i 4110277 |o 658.3145 AHU 2005 |p 4110277 |r 2025-01-15 |t 40 |w 2019-11-21 |y BK |k ICO | ||
| 952 | |0 0 |1 0 |2 ddc |4 0 |6 658_314500000000000_AHU_2005 |7 0 |8 A |9 382598 |a BIBING |b BIBING |d 2019-11-21 |i 4110064 |o 658.3145 AHU 2005 |p 4110064 |r 2025-01-20 |t 19 |w 2019-11-21 |y BK |k EII | ||
| 952 | |0 0 |1 0 |2 ddc |4 0 |6 658_314500000000000_AHU_2005 |7 0 |8 A |9 382599 |a BIBING |b BIBING |d 2019-11-21 |i 4110072 |o 658.3145 AHU 2005 |p 4110072 |r 2025-01-20 |t 20 |w 2019-11-21 |y BK |k EII | ||
| 952 | |0 0 |1 0 |2 ddc |4 0 |6 658_314500000000000_AHU_2005 |7 0 |8 A |9 382600 |a BIBING |b BIBING |d 2019-11-21 |i 4110080 |o 658.3145 AHU 2005 |p 4110080 |r 2025-01-20 |t 21 |w 2019-11-21 |y BK |k EII | ||
| 952 | |0 0 |1 0 |2 ddc |4 0 |6 658_314500000000000_AHU_2005 |7 0 |8 A |9 382601 |a BIBING |b BIBING |d 2019-11-21 |i 4110099 |o 658.3145 AHU 2005 |p 4110099 |r 2025-01-20 |t 22 |w 2019-11-21 |y BK |k EII | ||
| 952 | |0 0 |1 0 |2 ddc |4 0 |6 658_314500000000000_AHU_2005 |7 0 |8 A |9 382602 |a BIBING |b BIBING |d 2019-11-21 |i 4110102 |o 658.3145 AHU 2005 |p 4110102 |r 2025-01-20 |t 23 |w 2019-11-21 |y BK |k EII | ||
| 952 | |0 0 |1 0 |2 ddc |4 0 |6 658_314500000000000_AHU_2005 |7 0 |8 A |9 382603 |a BIBING |b BIBING |d 2019-11-21 |i 4110110 |o 658.3145 AHU 2005 |p 4110110 |r 2025-01-20 |t 24 |w 2019-11-21 |y BK |k EII | ||
| 952 | |0 0 |1 0 |2 ddc |4 0 |6 658_314500000000000_AHU_2005 |7 0 |8 A |9 382604 |a BIBING |b BIBING |d 2019-11-21 |i 4110129 |o 658.3145 AHU 2005 |p 4110129 |r 2025-01-20 |t 25 |w 2019-11-21 |y BK |k EII | ||
| 952 | |0 0 |1 0 |2 ddc |4 0 |6 658_314500000000000_AHU_2005 |7 0 |8 A |9 382605 |a BIBING |b BIBING |d 2019-11-21 |i 4110137 |o 658.3145 AHU 2005 |p 4110137 |r 2025-01-20 |t 26 |w 2019-11-21 |y BK |k EII | ||
| 952 | |0 0 |1 0 |2 ddc |4 0 |6 658_314500000000000_AHU_2005 |7 0 |8 A |9 382606 |a BIBING |b BIBING |d 2019-11-21 |i 4110145 |o 658.3145 AHU 2005 |p 4110145 |r 2025-01-20 |t 27 |w 2019-11-21 |y BK |k EII | ||
| 952 | |0 0 |1 0 |2 ddc |4 0 |6 658_314500000000000_AHU_2005 |7 0 |8 A |9 382607 |a BIBING |b BIBING |d 2019-11-21 |i 4110153 |o 658.3145 AHU 2005 |p 4110153 |r 2025-01-20 |t 28 |w 2019-11-21 |y BK |k EII | ||
| 952 | |0 0 |1 0 |2 ddc |4 0 |6 658_314500000000000_AHU_2005 |7 0 |8 A |9 382608 |a BIBING |b BIBING |d 2019-11-21 |i 4110161 |o 658.3145 AHU 2005 |p 4110161 |r 2025-01-20 |t 29 |w 2019-11-21 |y BK |k EII | ||
| 952 | |0 0 |1 0 |2 ddc |4 0 |6 658_314500000000000_AHU_2005 |7 0 |8 A |9 382609 |a BIBING |b BIBING |d 2019-11-21 |i 411017K |l 2 |o 658.3145 AHU 2005 |p 411017K |r 2025-01-20 |s 2022-03-17 |t 30 |w 2019-11-21 |y BK |k EII | ||
| 952 | |0 0 |1 0 |2 ddc |4 0 |6 658_314500000000000_AHU_2005 |7 0 |8 A |9 382610 |a BIBING |b BIBING |d 2019-11-21 |i 4110188 |o 658.3145 AHU 2005 |p 4110188 |r 2025-01-20 |t 31 |w 2019-11-21 |y BK |k EII | ||
| 952 | |0 0 |1 0 |2 ddc |4 0 |6 658_314500000000000_AHU_2005 |7 0 |8 A |9 382611 |a BIBING |b BIBING |d 2019-11-21 |i 4110196 |o 658.3145 AHU 2005 |p 4110196 |r 2025-01-20 |t 32 |w 2019-11-21 |y BK |k EII | ||
| 952 | |0 0 |1 0 |2 ddc |4 0 |6 658_314500000000000_AHU_2005 |7 0 |8 A |9 382612 |a BIBING |b BIBING |d 2019-11-21 |i 411020K |o 658.3145 AHU 2005 |p 411020K |r 2025-01-20 |t 33 |w 2019-11-21 |y BK |k EII | ||
| 952 | |0 0 |1 0 |2 ddc |4 0 |6 658_314500000000000_AHU_2005 |7 0 |8 A |9 382613 |a BIBEDU |b BIBEDU |d 2019-11-21 |i 4109880 |o 658.3145 AHU 2005 |p 4109880 |r 2019-11-21 |t 1 |w 2019-11-21 |y BK |k PSI | ||
| 952 | |0 0 |1 0 |2 ddc |4 0 |6 658_314500000000000_AHU_2005 |7 0 |8 A |9 382614 |a BIBEDU |b BIBEDU |d 2019-11-21 |i 4109899 |o 658.3145 AHU 2005 |p 4109899 |r 2019-11-21 |t 2 |w 2019-11-21 |y BK |k PSI | ||
| 952 | |0 0 |1 0 |2 ddc |4 0 |6 658_314500000000000_AHU_2005 |7 0 |8 A |9 382615 |a BIBEDU |b BIBEDU |d 2019-11-21 |i 4109902 |o 658.3145 AHU 2005 |p 4109902 |r 2019-11-21 |t 3 |w 2019-11-21 |y BK |k PSI | ||
| 952 | |0 0 |1 0 |2 ddc |4 0 |6 658_314500000000000_AHU_2005 |7 0 |8 A |9 382616 |a BIBEDU |b BIBEDU |d 2019-11-21 |i 4109910 |o 658.3145 AHU 2005 |p 4109910 |r 2019-11-21 |t 4 |w 2019-11-21 |y BK |k PSI | ||
| 952 | |0 0 |1 0 |2 ddc |4 0 |6 658_314500000000000_AHU_2005 |7 0 |8 A |9 382617 |a BIBEDU |b BIBEDU |d 2019-11-21 |i 4109929 |o 658.3145 AHU 2005 |p 4109929 |r 2019-11-21 |t 5 |w 2019-11-21 |y BK |k PSI | ||
| 952 | |0 0 |1 0 |2 ddc |4 0 |6 658_314500000000000_AHU_2005 |7 0 |8 A |9 382618 |a BIBEDU |b BIBEDU |d 2019-11-21 |i 4109937 |o 658.3145 AHU 2005 |p 4109937 |r 2019-11-21 |t 6 |w 2019-11-21 |y BK |k PSI | ||
| 952 | |0 0 |1 0 |2 ddc |4 0 |6 658_314500000000000_AHU_2005 |7 0 |8 A |9 382619 |a BIBEDU |b BIBEDU |d 2019-11-21 |i 4109945 |o 658.3145 AHU 2005 |p 4109945 |r 2019-11-21 |t 7 |w 2019-11-21 |y BK |k PSI | ||
| 952 | |0 0 |1 0 |2 ddc |4 0 |6 658_314500000000000_AHU_2005 |7 0 |8 A |9 382620 |a BIBEDU |b BIBEDU |d 2019-11-21 |i 4109953 |o 658.3145 AHU 2005 |p 4109953 |r 2019-11-21 |t 8 |w 2019-11-21 |y BK |k PSI | ||
| 952 | |0 0 |1 0 |2 ddc |4 0 |6 658_314500000000000_AHU_2005 |7 0 |8 A |9 382621 |a BIBEDU |b BIBEDU |d 2019-11-21 |i 4109961 |o 658.3145 AHU 2005 |p 4109961 |r 2019-11-21 |t 9 |w 2019-11-21 |y BK |k PSI | ||
| 952 | |0 0 |1 0 |2 ddc |4 0 |6 658_314500000000000_AHU_2005 |7 0 |8 A |9 382622 |a BIBEDU |b BIBEDU |d 2019-11-21 |i 410997K |o 658.3145 AHU 2005 |p 410997K |r 2019-11-21 |t 10 |w 2019-11-21 |y BK |k PSI | ||
| 952 | |0 0 |1 0 |2 ddc |4 0 |6 658_314500000000000_AHU_2005 |7 0 |8 A |9 382623 |a BIBEDU |b BIBEDU |d 2019-11-21 |i 4109988 |o 658.3145 AHU 2005 |p 4109988 |r 2019-11-21 |t 11 |w 2019-11-21 |y BK |k PSI | ||
| 952 | |0 0 |1 0 |2 ddc |4 0 |6 658_314500000000000_AHU_2005 |7 0 |8 A |9 382624 |a BIBEDU |b BIBEDU |d 2019-11-21 |i 4109996 |o 658.3145 AHU 2005 |p 4109996 |r 2019-11-21 |t 12 |w 2019-11-21 |y BK |k PSI | ||
| 952 | |0 0 |1 0 |2 ddc |4 0 |6 658_314500000000000_AHU_2005 |7 0 |8 A |9 382625 |a BIBEDU |b BIBEDU |d 2019-11-21 |i 4110005 |o 658.3145 AHU 2005 |p 4110005 |r 2019-11-21 |t 13 |w 2019-11-21 |y BK |k PSI | ||
| 952 | |0 0 |1 0 |2 ddc |4 0 |6 658_314500000000000_AHU_2005 |7 0 |8 A |9 382626 |a BIBEDU |b BIBEDU |d 2019-11-21 |i 4110013 |o 658.3145 AHU 2005 |p 4110013 |r 2019-11-21 |t 14 |w 2019-11-21 |y BK |k PSI | ||
| 952 | |0 0 |1 0 |2 ddc |4 0 |6 658_314500000000000_AHU_2005 |7 0 |8 A |9 382627 |a BIBEDU |b BIBEDU |d 2019-11-21 |i 4110021 |l 1 |o 658.3145 AHU 2005 |p 4110021 |r 2023-05-08 |s 2023-05-03 |t 15 |w 2019-11-21 |y BK |k PSI | ||
| 952 | |0 0 |1 0 |2 ddc |4 0 |6 658_314500000000000_AHU_2005 |7 0 |8 A |9 382628 |a BIBEDU |b BIBEDU |d 2019-11-21 |i 411003K |o 658.3145 AHU 2005 |p 411003K |r 2019-11-21 |t 16 |w 2019-11-21 |y BK |k PSI | ||
| 952 | |0 0 |1 0 |2 ddc |4 0 |6 658_314500000000000_AHU_2005 |7 0 |8 A |9 382629 |a BIBEDU |b BIBEDU |d 2019-11-21 |i 4110048 |o 658.3145 AHU 2005 |p 4110048 |r 2019-11-21 |t 17 |w 2019-11-21 |y BK |k PSI | ||
| 952 | |0 0 |1 0 |2 ddc |4 0 |6 658_314500000000000_AHU_2005 |7 0 |8 A |9 382630 |a BIBEDU |b BIBEDU |d 2019-11-21 |i 4110056 |o 658.3145 AHU 2005 |p 4110056 |r 2019-11-21 |t 18 |w 2019-11-21 |y BK |k PSI | ||
| 952 | |0 0 |1 0 |2 ddc |4 0 |6 658_314500000000000_AHU_2005 |7 0 |8 A |9 382631 |a BIBDER |b BIBDER |d 2019-11-21 |i 447015K |o 658.3145 AHU 2005 |p 447015K |r 2023-01-25 |t 41 |w 2019-11-21 |y BK |k DER | ||
| 952 | |0 0 |1 0 |2 ddc |4 0 |6 658_314500000000000_AHU_2005 |7 0 |8 X |9 382672 |a FDOBUD |b FDOBUD |d 2019-11-21 |i 4546016 |o 658.3145 AHU 2005 |p 4546016 |r 2019-11-21 |t 82 |w 2019-11-21 |y BK_X |k FHP | ||
| 952 | |0 0 |1 0 |2 ddc |4 0 |6 658_314500000000000_AHU_2005 |7 0 |8 A |9 382673 |a BIBING |b BIBING |d 2019-11-21 |i 4765818 |o 658.3145 AHU 2005 |p 4765818 |r 2025-01-20 |t 83 |w 2019-11-21 |y BK |k EII | ||